MARC

LEADER 00000nam0a2200000 4500
001 38045
005 20240126134101.0
035 |a (RuTPU)RU\TPU\book\38664 
035 |a RU\TPU\book\27483 
090 |a 38045 
100 |a 20020216d2001 m y0rusy50 ca 
101 0 |a rus 
102 |a RU 
105 |a y j 000zy 
200 1 |a Минералогия  |e учебное пособие  |f А. И. Баженов, К. Л. Новоселов, Т. И. Полуэктова  |g Томский политехнический университет 
210 |a Томск  |c Изд-во ТПУ  |d 2001 
675 |a 549(075.8)  |v 3 
700 1 |a Баженов  |b А. И.  |g Александр Иванович 
701 1 |a Новосёлов  |b К. Л.  |c геолог  |c доцент Томского политехнического университета, кандидат геолого-минералогических наук  |f 1969-  |g Константин Леонидович  |9 11907 
701 1 |a Полуэктова  |b Т. И.  |c специалист по учебно-методической работе Томского политехнического университета  |c кандидат геолого-минералогических наук  |f 1940-  |g Тамара Ивановна  |9 18321 
712 0 2 |a Томский политехнический университет  |3 (RuTPU)RU\TPU\col\376 
801 0 |a RU  |b 63413507  |c 20011209  |g PSBO 
801 2 |a RU  |b 63413507  |c 20151214  |g PSBO 
942 |c BK